| 000 -Etiqueta do registo | |
|---|---|
| campo de controlo de comprimento fixo | 005940000a22001930004500 |
| 001 - Identificador do registo | |
| Campo de controlo | 14981 |
| 010 ## - ISBN | |
| Número (ISBN) | 972-26-0502-X |
| 100 ## - Dados Gerais de Proc. | |
| Dados gerais de processamento | 20050124d1999 m y0pory5003 ba |
| 101 0# - Língua da publicação | |
| Língua do texto, banda sonora, etc. | Português |
| 102 ## - País de Publicação | |
| País de publicação | Portugal |
| 200 1# - Título | |
| Título próprio | Madame Bovary |
| Primeira menção de responsabilidade | Gustave Flaubert |
| Outras menções de responsabilidade | trad. Daniel Augusto Gonçalves |
| 210 ## - Publicação, Distribuição | |
| Lugar da edição, distribuição, etc. | Porto |
| Nome do editor, distribuidor, etc. | Civilização |
| Data da publicação, distribuição, etc. | 1999 |
| 215 ## - Descrição física | |
| Descrição física | 379 p |
| 675 ## - CDU | |
| Notação | 821.133.1-31"18" |
| Edição | BN |
| Língua da edição | Português |
| 700 #1 - Responsabilidade principal | |
| Palavra de ordem | Flaubert |
| Outra parte do nome | Gustave |
| Datas | 1821-1881 |
| 702 #1 - Responsabilidade secundária | |
| Koha Internal Code | 22485 |
| Código de função | Tradutor |
| Palavra de ordem | Gonçalves |
| Outra parte do nome | Daniel Augusto |
| 090 ## - Números de controlo do sistema (Koha) | |
| Número biblioitem do Koha (gerado automaticamente) | 14981 |
| 942 ## - Elementos de entrada adicionados (Koha) | |
| Tipo de item no Koha | Monografias |
| Suprimido | Disponível no OPAC |
| 999 ## - Campo local | |
| Campo local | 14981 |
| -- | Bibliobase - BMTAV |
| -- | 2019-01-21 |
| Removido (estado) | Perdido (estado) | Data de aquisição | Origem do registo (biblioteca) (codificado) | Código da organização que empresta ou é detentora (biblioteca) | Localização da prateleira | Código de barras | Local | Número de inventário | Cota | Data de empréstimo ou depósito | Tipo de circulação (não pode ser emprestado) | Tipo de item e material |
|---|---|---|---|---|---|---|---|---|---|---|---|---|
| Disponível | Disponível | 2005-01-24 | Biblioteca Municipal Álvaro de Campos | Biblioteca Municipal Álvaro de Campos | Plano Nacional de Leitura – Secundário | BMTAV30441 | Depósito | 30441 | R7 FLA-D | 2020-05-28 | Normal | Monografias |